000 01342nam a2200337 a 4500
001 000110402
003 CHAP
005 20220329144131.0
008 140826s2014 mx sm |||||||spa d
010 _a106864
011 _a107836
040 _cCHAP
090 _aTesis
100 1 _aDíaz Rosas, Emilio
_9127897
245 1 0 _aEstudio de factibilidad técnico-económico para la puesta en marcha de una planta procesadora de nopal (Ficus Indica) productores de nopal Yopitas S.P.R. de R.L. en el Municipio de Tlayacapan, Morelos.
_h[En línea]
_cpor Emilio Díaz Rosas y Omar Ocampo Cabrera.
260 _aChapingo, Méx. :
_bEl autor,
_c2014.
500 _aPara ver el contenido del material haga clic en la liga
502 _aTesis (Ing. Agr. Esp. en Ingeniero Agroindustrial) -- UACH. Departamento de Ingeniería Agroindustrial
590 _aBATCH-UPD
_b05
_c20141002
_lUCH01
_h0905
590 _aE5765TAJ
_b05
_c20140826
_lUCH01
_h0852
590 _aE5765TAJ
_b05
_c20140826
_lUCH01
_h0853
650 1 4 _aNopal
_xIndustria.
_981676
650 1 4 _aNopal
_xMorelos.
_981685
650 1 4 _aNopal
_xProcesado.
_9127899
650 1 4 _aPlantas industriales.
_989009
700 1 _aOcampo Cabrera, Omar
_9127898
856 _aFinding aid
_uhttp://10.13.5.2/tesis/sist110402.pdf
_zTeclea aquí
901 _aBK
942 _cTESIS
942 _n0
999 _c106864
_d106864